书目信息 |
| 题名: |
一维不定常流体动力学教程
|
|
| 作者: | 卢芳云 编著 | |
| 分册: | ||
| 出版信息: | 北京 科学出版社 2006.07 |
|
| 页数: | 255页 | |
| 开本: | 24cm | |
| 丛书名: | 科学版研究生教学丛书 | |
| 单 册: | ||
| 中图分类: | O351.2 | |
| 科图分类: | ||
| 主题词: | 流体力学 | |
| 电子资源: | ||
| ISBN: | 7-03-016968-9 | |
| 000 | 00657 nam 000229 | |
| 001 | 0100001701 | |
| 005 | 20070902090700.98 | |
| 010 | @a7-03-016968-9@dCNY30.00 | |
| 100 | @a20070804d2006 em y0chiy0121 ea | |
| 101 | @achi | |
| 102 | @aCN@b110000 | |
| 105 | @ay z 000yy | |
| 200 | 10 | @a一维不定常流体动力学教程@9yi wei bu ding chang liu ti dong li xue jiao cheng@f卢芳云编著@Flu fang yun bian zhu |
| 210 | @a北京@c科学出版社@d2006.07 | |
| 215 | @a255页@d24cm | |
| 225 | @a科学版研究生教学丛书 | |
| 606 | @a流体力学 | |
| 690 | @aO351.2@v4 | |
| 701 | 0 | @a卢芳云@9lu fang yun@4编著 |
| 801 | @aCN@c20070902 | |
| 901 | @a000003 | |
| 905 | @dO351.2@eL783 | |
| 一维不定常流体动力学教程/卢芳云编著.-北京:科学出版社,2006.07 |
| 255页;24cm.-(科学版研究生教学丛书) |
| ISBN 7-03-016968-9:CNY30.00 |
| ● |
| 相关链接 |
|
|
|
正题名:一维不定常流体动力学教程
索取号:O351.2/L783
 
预约/预借
| 序号 | 登录号 | 条形码 | 馆藏地/架位号 | 状态 | 备注 |
| 1 | 643534 | 206435348 | 自科库401/401自科库 53排6列1层/ [索取号:O351.2/L783] | 在馆 | |
| 2 | 643535 | 206435357 | 自科库401/401自科库 53排6列1层/ [索取号:O351.2/L783] | 在馆 | |
| 3 | 643536 | 206435366 | 自科库401/401自科库 53排6列1层/ [索取号:O351.2/L783] | 在馆 |